ბათუმის შოთა რუსთაველის სახელმწიფო უნივერსიტეტის ბიბლიოთეკა

Современная прикладная алгебра. (ბიბ.ჩანაწერი № 38673)

000 -LEADER
fixed length control field 00599nam a2200205Ia 4500
001 - CONTROL NUMBER
control field 4912
003 - CONTROL NUMBER IDENTIFIER
control field GE_BSU
008 - FIXED-LENGTH DATA ELEMENTS--GENERAL INFORMATION
fixed length control field 181216s||||||||xx |||||||||||||| ||und||
040 ## - CATALOGING SOURCE
Transcribing agency GE_BSU
080 ## - UNIVERSAL DECIMAL CLASSIFICATION NUMBER
Universal Decimal Classification number 512
100 ## - MAIN ENTRY--PERSONAL NAME
Personal name Биркгоф, Г., Барти, Т.
245 ## - TITLE STATEMENT
Title Современная прикладная алгебра.
245 ## - TITLE STATEMENT
Statement of responsibility, etc. Перевод с английского Ю. И. Манина.
260 ## - PUBLICATION, DISTRIBUTION, ETC.
Place of publication, distribution, etc. Москва.
260 ## - PUBLICATION, DISTRIBUTION, ETC.
Name of publisher, distributor, etc. Мир.
260 ## - PUBLICATION, DISTRIBUTION, ETC.
Date of publication, distribution, etc. 1976
300 ## - PHYSICAL DESCRIPTION
Extent 370стр.22см.
653 ## - INDEX TERM--UNCONTROLLED
Uncontrolled term Современная прикладная алгебра.
942 ## - ADDED ENTRY ELEMENTS (KOHA)
Koha item type წიგნი
ეგზემპლარები
Withdrawn status Lost status Damaged status Not for loan Date acquired Barcode Date last seen Price effective from Koha item type Public note
        2018-12-17 15726 2018-12-17 2018-12-17 წიგნი დარბაზი
        2018-12-17 15037 2018-12-17 2018-12-17 წიგნი